| 000 | 00896nam a2200181Ia 4500 | ||
|---|---|---|---|
| 008 | 151202s9999||||xx |||||||||||||| ||und|| | ||
| 082 | _bPNVM-69294 | ||
| 100 | _aमोहाडीकर लीना / मोहाडीकर विलास. | ||
| 245 | _aलैंगिक जीवन शास्त्र आणि स्वास्थ्य. | ||
| 260 | _b"कामविज्ञान प्रकाशन,." | ||
| 260 | _c69294 | ||
| 300 | _a312 | ||
| 600 | _aमोहाडीकर लीना / मोहाडीकर विलास. | ||
| 630 | _aलैंगिक जीवन शास्त्र आणि स्वास्थ्य. | ||
| 700 | _aमोहाडीकर लीना / मोहाडीकर विलास. | ||
| 730 | _aलैंगिक जीवन शास्त्र आणि स्वास्थ्य. | ||
| 942 | _cBOOK | ||
| 999 |
_c1335804 _d1335801 |
||